The politics of national capitalism : Peronism and the Argentine bourgeoisie, 1946-1976 /

"An analysis of the social relations, political strategies and history behind capitalist economic development in Latin America, with particular attention to Argentina"--Provided by publisher.

Bibliographic Details
Main Author: Brennan, James P., 1955-
Other Authors: Rougier, Marcelo
Format: Book
Language:English
Published: University Park, Pa. : Pennsylvania State University Press, [2009]
Subjects:

MARC

Tag First Indicator Second Indicator Subfields
LEADER 00000cam a22000004a 4500
001 in00002539721
005 20151113133429.0
008 090806s2009 pau b s001 0deng
010 |a  2009032663 
020 |a 9780271035710 (cloth : alk. paper) 
020 |a 0271035714 (cloth : alk. paper) 
035 |a (OCoLC)ocn431934463 
035 |a (OCoLC)431934463 
040 |a DLC  |c DLC  |d C#P  |d UtOrBLW 
043 |a s-ag--- 
049 |a TXAM 
050 0 0 |a F2849  |b .B745 2009 
082 0 0 |a 982.06  |2 22 
100 1 |a Brennan, James P.,  |d 1955- 
245 1 4 |a The politics of national capitalism :  |b Peronism and the Argentine bourgeoisie, 1946-1976 /  |c James P. Brennan and Marcelo Rougier. 
264 1 |a University Park, Pa. :  |b Pennsylvania State University Press,  |c [2009] 
264 4 |c ©2009 
300 |a xxiii, 221 pages ;  |c 24 cm. 
336 |a text  |b txt  |2 rdacontent 
337 |a unmediated  |b n  |2 rdamedia 
338 |a volume  |b nc  |2 rdacarrier 
504 |a Includes bibliographical references and index. 
505 0 |a Introduction -- The political economy of populist Argentina, 1943-1976 -- Industrialists and bolicheros in the origins of Peronism -- Peronist economic and industrial policy, 1944-1955 -- Industrial support for Perón : the Cámara Argentina de Industrias Metalúrgicas -- The Confederación General Económica and the "organized community" -- The national bourgeoisie in opposition : from the revolución libertadora to the Revolución Argentina -- Conflict and crisis in the metalworking industries -- Peronist economic and industrial policies in the 1970s -- The national bourgeoisie in power : provincial dynamics and the fall of national capitalism -- Final reflections. 
520 |a "An analysis of the social relations, political strategies and history behind capitalist economic development in Latin America, with particular attention to Argentina"--Provided by publisher. 
651 0 |a Argentina  |x Politics and government  |y 1943-1955. 
651 0 |a Argentina  |x Politics and government  |y 1955-1983. 
651 0 |a Argentina  |x Economic conditions  |y 1945-1983. 
651 0 |a Argentina  |x Economic policy. 
650 0 |a Industrial policy  |z Argentina  |x History  |y 20th century. 
650 0 |a Business enterprises  |z Argentina  |x History  |y 20th century. 
650 0 |a Peronism. 
600 1 0 |a Perón, Juan Domingo,  |d 1895-1974  |x Political and social views. 
650 0 |a Capitalism  |z Argentina  |x History  |y 20th century. 
700 1 |a Rougier, Marcelo. 
945 |a PromptCat  |b 872865 
946 |a stk 
947 |a A14840029839 
994 |a 92  |b TXA 
948 |a cataloged  |b h  |d 2010/1/13  |h c  |e asalazar  |f 11:03:25 am 
999 |a MARS 
999 f f |s 204b5bbd-7f4a-375a-80ec-e1fc4e8e221a  |i 4214d161-e238-35bf-a04e-120c051dbb98  |t 0 
952 f f |p normal  |a Texas A&M University  |b College Station  |c Sterling C. Evans Library  |d Evans: Library Stacks  |t 0  |e F2849 .B745 2009  |h Library of Congress classification  |i unmediated -- volume  |m A14840029839 
998 f f |a F2849 .B745 2009  |t 0  |l Evans: Library Stacks